00364nam a2200133 a 45000010010000000030011000100080041000210350026000620820014000881000028001022450043001302600034001736500023002070000-8943ELIB.Books110520 1985  a(ELIB.Books)0000-9091 a230 bDru aDrummond, Richard Henry aToward a New Age in Christian Theology bMaryknoll: Orbis Books c1985 aChristian Theology